| 000 | 00369 a2200157 4500 | ||
|---|---|---|---|
| 001 | 71707 | ||
| 020 | _a8501029084 | ||
| 040 | _cAnchieta - Colégio São Paulo | ||
| 100 | _aGoscinny, R. | ||
| 240 | 1 | 0 |
_aAsterix e a surpresa de César _lpor |
| 245 | 1 | 0 | _aAsterix e a surpresa de César |
| 300 | _a62 | ||
| 362 | 0 | _a1986 | |
| 650 | 4 | _aLiteratura juvenil | |
| 942 | _cBK | ||
| 999 |
_c71707 _d71707 |
||